Structure of the bark and clonal variability in Hevea brasiliensis (Willd. ex A. Juss.)Muell. Arg. (Record no. 69487)

MARC details
000 -LEADER
fixed length control field 00399nam a2200133Ia 4500
100 ## - MAIN ENTRY--AUTHOR NAME
Personal name Premakumari D
245 #0 - TITLE STATEMENT
Title Structure of the bark and clonal variability in Hevea brasiliensis (Willd. ex A. Juss.)Muell. Arg.
260 ## - PUBLICATION, DISTRIBUTION, ETC. (IMPRINT)
Name of publisher Annals of Botany
Year of publication 1985
300 ## - PHYSICAL DESCRIPTION
Number of Pages 117-123
700 ## - ADDED ENTRY--PERSONAL NAME
Personal name Marattukalam J G
700 ## - ADDED ENTRY--PERSONAL NAME
Personal name Panikkar A O N
942 ## - ADDED ENTRY ELEMENTS (KOHA)
Koha item type Journals
Holdings
Withdrawn status Lost status Damaged status Not for loan Home library Current library Date acquired Serial Enumeration / chronology Koha item type
      Journals RRII Library RRII Library 17/12/2021 Volume 56, Issue Journals